Carpentry and building construction / (Record no. 548932)

000 -LEADER
fixed length control field 00598nam a2200193 a 4500
020 ## - INTERNATIONAL STANDARD BOOK NUMBER
International Standard Book Number 0870023276
082 00 - DEWEY DECIMAL CLASSIFICATION NUMBER
Classification number 692
Author Mark FEI
100 1# - MAIN ENTRY--PERSONAL NAME
Personal name Feirer, John Louis.
9 (RLIN) 45394
245 10 - TITLE STATEMENT
Title Carpentry and building construction /
Statement of responsibility, etc. John L. Feirer, Gilbert R. Hutchings.
250 ## - EDITION STATEMENT
Edition statement Rev.
260 ## - PUBLICATION, DISTRIBUTION, ETC.
Place of publication, distribution, etc. Peoria, Ill. :
Name of publisher, distributor, etc. C.A. Bennett Co.,
Date of publication, distribution, etc. c1981.
300 ## - PHYSICAL DESCRIPTION
Extent 1120 p. :
Other physical details ill. (some col.) ;
Dimensions 24 cm.
500 ## - GENERAL NOTE
General note Includes index.
526 ## - STUDY PROGRAM INFORMATION NOTE
Program name 0
Interest level 0
Reading level 0
Title point value 692_000000000000000_FEI
650 #0 - SUBJECT ADDED ENTRY--TOPICAL TERM
Topical term or geographic name entry element Carpentry.
9 (RLIN) 45395
650 #0 - SUBJECT ADDED ENTRY--TOPICAL TERM
Topical term or geographic name entry element House construction.
700 1# - ADDED ENTRY--PERSONAL NAME
Personal name Hutchings, Gilbert R.
9 (RLIN) 45396
942 ## - ADDED ENTRY ELEMENTS (KOHA)
Source of classification or shelving scheme
Koha item type Book
Holdings
Withdrawn status Lost status Source of classification or shelving scheme Damaged status Not for loan Permanent Location Current Location Date acquired Total Checkouts Full call number Barcode Date last seen Price effective from Koha item type
          Military College of Engineering (MCE) Military College of Engineering (MCE) 09/11/2014   692 FEI MCE-24882 09/11/2014 09/11/2014 Book
© 2023 Central Library, National University of Sciences and Technology. All Rights Reserved.